000 00764nam a2200241Ia 4500
008 180523s9999 xx 000 0 und d
020 _a978-621415-058-8
050 _aFIL PE 1128
050 _b.A2D37 2016
100 _aDapat, Jose Rizal O.
245 0 _aApplied english for academic and professional services /
245 0 _cJose Rizal O. Dapat.
260 _aPhilippines :
260 _bJFS Publishing,
260 _c2016
300 _a189 pages :
300 _billustrations ;
300 _c26 cm.
500 _aIncludes bibliographical references.
650 _aEnglish language -- Rhetoric -- Study and teaching.
650 _aEnglish language -- Study and teaching (Higher).
650 _xAcademic language -- Study and teaching (Higher).
999 _c357865
_d357865